MARC

LEADER 00000nas a2200000 i 4500
001 ssj0001766187
003 WaSeSS
005 20200512172242.0
006 m d
007 cr n
008 150604c20159999qeafr p s 0 a0eng c
010 |a  2016236664 
016 7 |a 003881378  |2 IsJJNL 
022 |a 2205-0795 
024 8 |a ISSN̜ 
024 8 |a ISSN/AUG2015 
035 |a (WaSeSS)ssj0001766187 
040 |a AU@  |b eng  |e pn  |c AU@  |d OCLCO  |d CUS  |d NOC  |d OCLCO  |d J9U  |d OCLCQ  |d NOC  |d OCLCO  |d OCLCF  |d OCLCO  |d CUI  |d TOH  |d OCLCQ  |d WaSeSS 
042 |a pcc 
043 |a u-at--- 
050 4 |a LB2343.4 
222 0 |a Student success  |b (Online) 
245 0 0 |a Student success  |h [electronic resource]. 
260 |a Brisbane, Qld. :  |b Queensland University of Technology,  |c 2015- 
310 |a Biannual (2 times a year) 
362 1 |a Began with: Volume 6, issue 2 (August 2015). 
506 |a License restrictions may limit access. 
588 |a Description based on: Volume 6, issue 2 (August 2015); title from journal homepage (publisher's Web site, viewed June 15, 2016). 
588 |a Latest issue consulted: Volume 7, issue 1 (March 2016) (publisher's Web site, viewed June 15, 2016). 
650 0 |a College student development programs  |z Australia  |v Periodicals. 
650 0 |a College student orientation  |z Australia  |v Periodicals. 
650 0 |a College teaching  |z Australia  |v Periodicals. 
650 0 |a Education, Higher  |v Periodicals. 
650 7 |a College student development programs.  |2 fast  |0 (OCoLC)fst00867959 
650 7 |a College student orientation.  |2 fast  |0 (OCoLC)fst00867971 
650 7 |a College teaching.  |2 fast  |0 (OCoLC)fst00868201 
650 7 |a Education, Higher.  |2 fast  |0 (OCoLC)fst00903005 
651 7 |a Australia.  |2 fast  |0 (OCoLC)fst01204543 
653 |a Australian 
655 0 |a Electronic journals. 
710 2 |a Queensland University of Technology. 
780 0 0 |t International Journal of the First Year in Higher Education  |x 1838-2959  |w (DLC) 2012237519  |w (OCoLC)651624601 
856 4 0 |z Full text available from Research Library: 01/01/2010 to present  |u https://search.proquest.com/publication/546302